000 02458nam a2200277Ia 4500
003 OSt
005 20211123085238.0
008 210310s2004 ve ad fr 000 0 spa d
020 _a9806810015
040 _aCO-JMCR
_cCO-JMCR
041 0 _aspa
082 0 4 _a337.18 /
_bC822r
_223
110 2 _aCorporación Andina de Fomento
_938076
245 1 0 _aReflexiones para retomar el crecimiento :
_binserción internacional, transformación productiva e inclusión social /
_cCorporación Andina de Fomento
260 _aCaracas :
_bCorporación Andina de Fomento,
_c2004
300 _a247 páginas :
_bilustraciones y gráficas a color ;
_c27 cm.
490 0 _aReporte de Economía y Desarrollo
500 _aIncluye notas a pie de página.
504 _aBibliografía: páginas 227-247
505 0 _aHacia una mejor estrategia de desarrollo -- Inserción internacional e integración regional -- Transformación productiva: diversificación y agregación de valor -- El desafío de la inclusión social -- Financiamiento y gobernabilidad
520 3 _aEn las últimas décadas, América Latina ha llevado adelante diversas estrategias de desarrollo y procesos de reforma. Pese a los avances, el inicio del nuevo milenio no ha sido esperanzador: el crecimiento de la región ha sido insuficiente para mejorar la calidad de vida de los latinoamericanos y se perpetúa el rezago con respecto a países desarrollados y otras economías en desarrollo. En este contexto, los responsables de elaborar políticas públicas en la región se preguntan ¿Cómo retomar un crecimiento económico de calidad, sostenible e incluyente? En la búsqueda de aportar nuevos planteamientos al debate de las políticas públicas, este libro plantea una serie de propuestas dirigidas a responder esta interrogante. Con esta publicación la CAF inicia la serie Reporte de Economía y Desarrollo - RED, destinada a identificar elementos que definan una propuesta integral que permita retomar el crecimiento de las economías latinoamericanas, enfatizando las potencialidades de una mayor participación en la economía global, mitigando los riesgos inherentes a la misma y propiciando la inclusión de todos los segmentos de la sociedad.
650 1 4 _aIntegración económica internacional
_918302
_zAmérica Latina
650 2 4 _aRelaciones económicas internacionales
_zAmérica Latina
_910722
650 2 4 _aPolítica económica
_zAmérica Latina
_96784
942 _2ddc
_cBK
999 _c8792
_d8792